000 00313nam a22001337a 4500
008 170608b xxu||||| |||| 00| 0 eng d
020 _a9780801849985
041 _aeng
080 _a94(4)
100 _a18
101 _aSHH
245 _aTHE LEGACIES OF COMMUNISM IN EASTERN EUROPE
_cBARANY,Z
942 _2udc
_cBK
999 _c16448
_d16448